000 00268nam a2200109Ia 4500
008 200302s9999 xx 000 0 und d
100 _aMaya Jayapal
245 _aBangalore the Story of a City
260 _bEast West Books Pvt. Ltd.
260 _c1997
300 _a278 P.,
999 _c5447
_d5447